Vainqueurs des tournois ATP en 2025 - Tennis - Statistiques

Statistiques générales
  • Ce quiz a été pris 123 fois
    82 depuis la dernière actualisation
  • Le résultat moyen est 16 sur 21
Statistiques - réponses
Tournoi Type de quiz Pays Réponse % Correct
Rotterdam 500 Espagne Alcaraz
99%
Open d'Australie GC Italie Sinner
99%
Dubai 500 Grèce Tsitsipas
93%
Indian Wells 1000 Grande Bretagne Draper
92%
Marseille 250 France Humbert
92%
Auckland 250 France Monfils
88%
Doha 500 Russie Rublev
88%
Dallas 500 Canada Shapovalov
86%
Adelaide 250 Canada Auger-Aliassime
84%
Montpellier 250 Canada Auger-Aliassime
84%
Buenos Aires 250 Bresil Fonseca
84%
Miami 1000 République tchèque Mensik
82%
Rio de Janeiro 500 Argentine Baez
77%
Brisbane 250 République tchèque Lehecka
77%
Hong Kong 250 France Muller
74%
Bucarest 250 Italie Cobolli
70%
Acapulco 500 République tchèque Machac
70%
Marrakech 250 Italie Darderi
63%
Delray Beach 250 Serbie Kecmanovic
60%
Santiago 250 Serbie Djere
51%
Houston 250 Etats-Unis Brooksby
34%
Aucun quiz correspondant
Distribution des résultats
% des personnes avec chaque résultat
Percentile par nombre de réponses
Votre historique - résultats
Vous n’avez pas pris ce quiz depuis la dernière actualisation